Регионална библиотека "Любен Каравелов" - Русе

Къщи за гости и семейни хотели (Запис номер 102655)

MARC детайли
000 -Лидер
Контролно поле с фиксирана дължина 01861nam a2200409 c 4500
003 - Код на организацията, давaща контролен номер
Контролно поле BLK
005 - Дата и час на последна редакция
Контролно поле 20180422105500.0
008 - Елементи от данни с фиксирана дължина
fixed length control field 180409b bul|||||r ||||||| ||bul||
010 ## - Наследен системен номер
LC control number KNG00107724000
020 ## - Международен стандартен номер на книга ISBN
Международен стандартен номер на книга ISBN 954-91313-2-7
-- издат.: БААТ
040 ## - Източник на каталожния запис
Идентификатор на билиотеката - собственик на записа BLK
041 ## - Код за език
Код за езика на текст/звукозапис или на отделно заглавие Български
Код за езика КДБФ Български
080 ## - УДК
Текстов определител УДК Туризмът от стопанско гледище. Политика по отношение на туризма. Икономика и организация на туризма. Вътрешен и международен туризъм. Вж и 379.8
УДК код - определител по УДК 338.48
УДК определител (497.2)(036)
УДК - код + определител 338.48(497.2)(036)
080 ## - УДК
Текстов определител УДК Хотели
УДК код - определител по УДК 640.412
УДК определител (497.2)(036)
УДК - код + определител 640.412(497.2)(036)
100 1# - Редна дума - Автор
Автор Теодорова, Ваня
Авторска отговорност първи автор
R(LIN) 309295
139 ## - Редно поле
Редна дума Къщи за гости и семейни хотели
Авторски знак Кърд - К 97
245 10 - Сведения за заглавието
Заглавие Къщи за гости и семейни хотели
Подзаглавни данни Пътеводител
Редно поле (дума) Ваня Теодорова; прев. на англ. Вера Георгиева.
246 11 - Различни форми на заглавието
Паралелно заглавие Bed Breakfasts and Guesthouses : Guidebook
257 ## - Страна на издаване
Страна на създаване/издаване България
260 ## - Област на издателските данни
-- София
Име на издателя, разпространителя и проч. БААТ
Година на издаване 2003
Печатница София : Литобалкан
300 ## - Физическа характеристика
Страници 120 с.
Илюстрации и др. с цв. ил., к., сх.
Размери/Мащаб 20 см
380 ## - Жанр
Жанр Обществени науки
650 #4 - Допълнително описание по предмет – тема
Основно описание – тема или топоним Туризъм, международен - България
9 (RLIN) 272133
650 #4 - Допълнително описание по предмет – тема
Основно описание – тема или топоним Хотелиерство - България
9 (RLIN) 283792
653 ## - Ключова дума – ненормативна
Ключова дума туризъм
653 ## - Ключова дума – ненормативна
Ключова дума пътеводители
653 ## - Ключова дума – ненормативна
Ключова дума България
653 ## - Ключова дума – ненормативна
Ключова дума стопански туризъм
653 ## - Ключова дума – ненормативна
Ключова дума хотели
653 ## - Ключова дума – ненормативна
Ключова дума туристическо обслужване
700 1# - Други автори (авторска отговорност)
Лично име Георгиева, Вера
Автороска отговорност (Описва отношението между автора и произведението) прев. на англ.
9 (RLIN) 363925
852 ## - Местоположение
Форматна сигнатура Цб 215921
856 4# - Електронен адрес и достъп
Електронен формат pdf - файл
Път до файла /url/
856 4# - Електронен адрес и достъп
Електронен формат pdf - файл
Път до файла /url/
942 ## - АРТИКУЛИ
Вид на библиотечния материал Книги
Скрит в OPAC Не
944 ## - СЪЗДАВАНЕ И РЕДАКЦИЯ на ЗАПИСА
Създаване/Редакция Създаване
Дата на регистрацията/редакция 20.08.2003
Служител, извършил регистрацията/редакцията Геновева_Генчева
944 ## - СЪЗДАВАНЕ И РЕДАКЦИЯ на ЗАПИСА
Създаване/Редакция Редакция
Дата на регистрацията/редакция 07.07.2004
Служител, извършил регистрацията/редакцията
999 ## - СИСТЕМНИ КОНТРОЛНИ НОМЕРА
Koha biblionumber 102655
Koha biblioitemnumber 102655
Наличности
Код за отписване Код за изгубен артикул Код за повреда Коз за рестрикции Код за отдаване Артикулен № Име на библиотеката - собственик Име на библиотеката, в която се намира в момента Статус (Текущо местоположение) Дата на вписване в системата Местоположение - отдел Цена в лева Инвентарен номер Систематично азбучна сигнатура Баркод Номер на екземпляра Цена в евро Служебна бележка Служебен тип на артикула
  Не е изгубен Не е повреден без рестрикции ползва се в читалня 165722 Регионална библиотека "Любен Каравелов" Русе Регионална библиотека "Любен Каравелов" Русе Читалня 2003-08-20 Читалня 12.00 120000678469 Ч 338.4/К 97 120000678469 1 6.14 Дост: Pk Вид: Ф N: 16428 Дата: 14.08.2003 Дата инв: 30.03.2017 Бележки инв: Ч2017 Книги
  Не е изгубен Не е повреден без рестрикции ползва се в читалня 165723 Регионална библиотека "Любен Каравелов" Русе Регионална библиотека "Любен Каравелов" Русе Хранилище 2004-07-01 Хранилище 0.00 120000686625 Цб 215921 120000686625 2 0.00 Дост: Dp Вид: Д N: 35 Дата: 27.08.2003 Книги
Vip Innovations Ltd, Rousse, Bulgaria 2025